000 00404nam a2200157Ia 4500
008 230524s9999 xx 000 0 und d
020 _a9789388137782
100 _awww.madeeasypublications.org
_945000
245 0 _aMechanical Engineering GATE 2020
250 _a1
260 _aNew Delhi
_bMADE EASY
_c2019
300 _a786p;
500 _aQuantity Number: 1
650 _amechanical
942 _cBK
999 _c60605
_d60605